Normal view
MARC view
- Belegumdu, Ashok D
Entry Personal Name
001 - CONTROL NUMBER
- control field: 1991
003 - CONTROL NUMBER IDENTIFIER
- control field: OSt
005 - DATE AND TIME OF LATEST TRANSACTION
- control field: 20170317114016.0
008 - FIXED-LENGTH DATA ELEMENTS
- fixed length control field: 170317|| aca||aabn | a|a d
040 ## - CATALOGING SOURCE
- Original cataloging agency: OSt
- Transcribing agency: OSt
100 ## - HEADING--PERSONAL NAME
- Personal name: Belegumdu, Ashok D
670 ## - SOURCE DATA FOUND
- Source citation: Work cat.: (OSt): Belegumdu, Ashok D, Optimization concepts and applicatons in engineering, 1999
